banner-ar

جلسة سرية / (Record no. 40270)

MARC details
000 -الفاتح
حقل البيانات ثابتة الطول 00476nam a2200169Ia 4500
008 - عناصر البيانات ثابتة الطول - معلومات عامة
حقل البيانات ثابتة الطول 140319s9999 xx 000 0 ara d
040 ## - مصدر الفهرسة
وكالة الفهرسة الأصلية GCL /
وكالة النسخ GCL
082 04 - رقم تصنيف ديوى العشرى
رقم التصنيف 812.041
رقم المادة ب ج
100 1# - المدخل الرئيسى - إسم شخصى
الإسم الشخصى بول سارتر، جان
245 10 - بيان العنوان
العنوان جلسة سرية /
بيان المسئوليه,etc بول سارتر، جان
700 1# - المدخل الاضافى - اسم شخصى
الإسم الشخصى مجاهد عبدالمنعم مجاهد
490 ## - بيان السلسلة
عنوان السلسلة
650 04 - المدخل الاضافى بالموضوع-مصطلح موضوعى
مصطلح موضوعي المسرحيات
650 04 - المدخل الاضافى بالموضوع-مصطلح موضوعى
مصطلح موضوعي المسرحيات الفرنسية
942 ## - عناصر المدخل الإضافي( كوها)
مصدر التصنيف او مخطط الترفيف Dewey Decimal Classification
Koha [default] item type كتاب
Holdings
حالة التراجع حالة الفقد حالة تلف ليس للاعارة المكان المؤقت الموقع الحالى تاريخ الاكتساب اجمالي اﻻعارات رقم الطلب الباركود تاريخ اخر مشاهدة تاريخ تفعيل السعر نوع وعاء كوها
        مكتبة القاهرة الكبرى مكتبة القاهرة الكبرى 03/26/2014   812.041\ب ج 97718 03/26/2014 03/26/2014 كتاب

Powered By

EGPV